| 000 | 00371nam a2200157Ia 4500 | ||
|---|---|---|---|
| 008 | 210210b1918 xxu||||| |||| 00| 0 eng d | ||
| 041 | _aeng | ||
| 082 | _a821/340 | ||
| 100 | _aKIPLING (R) | ||
| 245 | _aTwenty poems | ||
| 260 |
_aLondon _bMethuen and Company Limited _c1918 |
||
| 650 | _aTwenty | ||
| 650 | _apoems | ||
| 690 | _aEnglish Literature | ||
| 906 | _a011509 | ||
| 999 |
_c130186 _d130186 |
||